000 00425nam a2200181Ia 4500
001 13265
005 20260306163041.0
008 260306t2010||||xx |||||||||||||| ||spa||
041 _aESP
082 _a001.42
_bH45 2010
100 _aHernández Sampieri, Roberto
_eAUT
245 0 _aMetodología de la investigación
260 _c2010
300 _a
_c
650 _aGEN
654 _aCHU
942 _cLIB
_dJUS
_fJUS
_2ddc
_n
999 _c13265
_d13265